| 000 | 00476ngm a22001817a 4500 | ||
|---|---|---|---|
| 005 | 20220526151633.0 | ||
| 008 | 150317b xxu||||| |||| 00| 0 spa d | ||
| 041 | _aspa | ||
| 082 | _a125 DVD | ||
| 245 | _aLa Peni: el fin de una vergüenza, de la oscuridad a la luz. | ||
| 300 | _a30 minutos | ||
| 650 |
_aCÁRCELES _91693 |
||
| 650 |
_aCOSTA RICA _963464 |
||
| 650 |
_aDELINCUENCIA _988 |
||
| 650 |
_aPENA _94902 |
||
| 650 |
_aHISTORIA CARCELARIA _941090 |
||
| 942 | _cDVD | ||
| 999 |
_c9010 _d9010 |
||